Liquid filtration
Guardat en:
| Autor principal: | |
|---|---|
| Format: | Llibre |
| Idioma: | anglès |
| Publicat: |
Woburn
Butterworth-Heinemann
1998
|
| Matèries: | |
| Etiquetes: |
Afegir etiqueta
Sense etiquetes, Sigues el primer a etiquetar aquest registre!
|
MARC
| LEADER | 00000nam a2200000 a 4500 | ||
|---|---|---|---|
| 001 | UCN4449 | ||
| 003 | CL-VaPUC | ||
| 008 | 010803e19980000US |||||||||||||||||eng|d | ||
| 082 | 0 | 4 | |a 628.164 |b CHE |2 21 |
| 100 | 0 | |a Cheremisinoff, Nicholas Paul |e author |9 460887 | |
| 245 | 1 | 0 | |a Liquid filtration |
| 300 | |a 319 p | ||
| 942 | |c BK | ||
| 945 | |d 20010803 00:00:00 |a cmena | ||
| 260 | |a Woburn |b Butterworth-Heinemann |c 1998 | ||
| 650 | 0 | |a Tratamiento del agua |9 262889 | |
| 650 | 0 | |a Contaminación del agua |9 261423 | |
| 583 | |a last modification |c 20161003 11:34:30 |k Rodrigo Vera | ||
| 999 | |c 296692 |d 296690 | ||
| 952 | |0 0 |1 0 |4 0 |6 628_164000000000000_CHE_1998 |7 0 |8 A |9 350723 |a BIBING |b BIBING |d 2019-11-20 |i 3647110 |o 628.164 CHE 1998 |p 3647110 |r 2025-01-20 |w 2019-11-20 |y BK |k EIQ | ||